00578nam a2200181Ia 4500008004100000020001800041022001500059040001300074082001400087245011800101250001300219260004200232300002500274650002300299650002500322700002200347700002700369191130s2009##################000#0#eng## a9780486471921 a2008048952 aACLcACL a823.7 POL aThe vampyre, the werewolf and other gothic tales of horrorcJohn Polidori and others ; edited by Rochelle Kronzek aDover ed aMineola, NYbDover Publicationsc2009 aviii, 118 p. ; 22 cm aVampires - Fiction aWerewolves - Fiction aKronzek, Rochelle aPolidori, John William